| 000 | 00603nam a22001817i 4500 | ||
|---|---|---|---|
| 999 |
_c22980 _d22980 |
||
| 003 | AR-CdUCM | ||
| 008 | 240812b20192019 pe||||| |||| 00| 0 spa d | ||
| 040 |
_aMUNICIPALIDAD PROVINCIAL DEL CUSCO _cBIBLIOTECA MUNICIPAL DEL CUSCO |
||
| 082 |
_aEP / 801 / T62P _bT62P |
||
| 100 |
_aTtito Quispe, Carmen. _950174 |
||
| 245 | _aPoesía para reflexionar / | ||
| 260 |
_aCusco : _c2019 |
||
| 300 |
_a12 páginas. : _c21 cm. |
||
| 505 | _aLa palabra madre -- A mi escuelita querida -- Eres -- Campesino de los andes | ||
| 650 |
_aPoemario infantil _950172 |
||
| 942 |
_2ddc _cLIBROS |
||
| 945 |
_apbj _d2024-08-12 |
||